| 000 | 00699nam a2200229Ii 4500 | ||
|---|---|---|---|
| 003 | JO-AjNU | ||
| 005 | 20241112073347.0 | ||
| 008 | 230605s9999||||xx |||||||||||||| ||und|| | ||
| 040 |
_aJO-AjNU _bara _erda _cJO-AjNU |
||
| 041 | _aara | ||
| 050 | 1 | 4 | _aTX601 1997 |
| 100 | 3 |
_aالحلو،سمير اسماعيل, _eauthor _98634 |
|
| 245 | 0 | 0 | _aحفظ الاطعمة وما يتبع ذلك من فوائد صحية واقتصادية |
| 250 | _aط1 | ||
| 264 | 3 | 1 | _aعمان:دار النفائس ، 1997 |
| 300 | _a59ص | ||
| 336 |
_atext _btxt _2rdacontent |
||
| 337 |
_aunmediated _bn _2rdamedia |
||
| 338 |
_avolume _bnc _2rdacarrier |
||
| 650 | 4 |
_aحفظ الاطعمة _98635 |
|
| 942 |
_2lcc _cBK |
||
| 999 |
_c4457 _d4457 |
||